Kidnapped

Bibliographic Details
Main Author: Stevenson, Robert Louis
Format: Book
Published: United States : Trident Press International , 2000
Subjects:

MARC

LEADER 00000cam a2200000 7i4500
001 0000037278
005 20130906.0
008 130905
020 |a 1582790922 
090 0 0 |a STE   |b ENG 
100 1 |a Stevenson, Robert Louis 
245 1 0 |a Kidnapped   |c Robert Louis Stevenson 
260 |a United States :   |b Trident Press International ,   |c 2000 
650 0 |a English fiction 
999 |a 0000826848   |b Book   |c Adult Collection   |e Cawangan Bandar Penawar 
999 |a 0000826865   |b Book   |c Adult Collection   |e Cawangan Segamat 
999 |a 0000914906   |b Book   |c Adult Collection   |e Cawangan Bandar Tenggara 
999 |a 0001023559   |b Book   |c Adult Collection   |e Perbadanan Perpustakaan Awam Johor 
999 |a 0001023560   |b Book   |c Adult Collection   |e Perbadanan Perpustakaan Awam Johor 
999 |a 000826854   |b Book   |c Adult Collection   |e Cawangan Muar